| 000 | 00824nac a22002171u 4500 | ||
|---|---|---|---|
| 010 | _a 2007032121 | ||
| 020 | _a9781593701246 : | ||
| 082 | 0 | 0 |
_a333.79091724 _bRAZ |
| 090 |
_c8595 _d8595 |
||
| 100 | _aRazavi, Hossein. | ||
| 245 | 1 | 0 |
_aFinancing energy projects in developing countires / _cHossein Razavi. |
| 260 |
_aTulsa, Okla. : _bPennWell Books,2007. _cc2007. |
||
| 300 |
_axix, 447 p. _bill.; _c24 cm. |
||
| 500 | _aDistributer: Bacca | ||
| 504 | _aIncludes bibliographical references and index. | ||
| 511 | _aCatalogued by: Sara | ||
| 650 | 0 |
_aEnergy industries _zDeveloping countries _xFinance. |
|
| 650 | 0 |
_aEnergy development _zDeveloping countries _xFinance. |
|
| 650 | 0 |
_aEconomic development projects _zDeveloping countries _xFinance. |
|
| 942 |
_cBB _k333.79091724RAZ |
||
| 999 |
_c8595 _d8595 |
||